000 01713cam a22003494a 4500
999 _c26352
_d26352
001 12956641
005 20170204092940.0
008 021003s2003 nyua b 001 0 eng
010 _a 2002035071
020 _a0521824656
040 _aDLC
_cDLC
_dDLC
041 1 _aeng
_hheb
042 _apcc
050 0 0 _aN6490
_b.A896 2003
100 1 _aAvital, Tsion,
_d1940-
245 1 0 _aArt versus nonart /
_cTsion Avital ; translated by John G. Harries.
260 _aNew York :
_bCambridge University Press,
_c2003.
300 _axvi, 445 p., [8] p. of 11 numb. plates :
_bill. (some col.) ;
_c26 cm.
440 0 _aContemporary artists and their critics
504 _aIncludes bibliographical references and index.
546 _aTranslated from the Hebrew.
650 0 _aArt, Modern
_y20th century
_xPhilosophy.
650 0 _aArt
_xPhilosophy.
856 4 1 _3Sample text
_uhttp://www.loc.gov/catdir/samples/cam033/2002035071.html
856 4 1 _3Table of contents
_uhttp://www.loc.gov/catdir/toc/cam031/2002035071.html
856 4 2 _3Publisher description
_uhttp://www.loc.gov/catdir/description/cam031/2002035071.html
942 _2lcc
_cBOOKS
_hN6490 .A896 2003